Vamos al grano? : el rol del Estado en el comercio granario argentino /

Guardado en:
Autor Principal: López, Gustavo M.
Formato: Libro
Idioma:Spanish
Publicado: [Buenos Aires] : ed. del autor, 2010.
Etiquetas: Agregar Etiqueta
Sin Etiquetas, Sea el primero en etiquetar este registro!
LEADER 00788nam a22001575a 4500
001 EEA.libagro008591
005 20171003124801.0
008 130809s2010####ag#a##########000#0#spa#d
020 |z 9789870588023 
082 0 4 |a 380.14131 
100 1 |a López, Gustavo M. 
245 1 0 |a Vamos al grano? :  |b el rol del Estado en el comercio granario argentino /  |c Gustavo M. López. 
260 |a [Buenos Aires] :  |b ed. del autor,  |c 2010. 
300 |a 286 p. :  |b il. ;  |c 22 cm. 
505 0 |a Capítulo I: Aspectos teóricos de la intervención en los mercados agrícolas -- Capítulo II: Experiencias mundiales -- Capítulo III: La experiencia argentina -- Capítulo IV: El rol del estado en el nuevo milenio -- Conclusiones finales -- Anexo: cuerpo normativo. 
859 |a AR-BbBCA  |b BIB. AGRONOMIA  |h 380.14131  |i L864  |p 2011/6004